书目信息 |
| 题名: |
新中国立法概述
|
|
| 作者: | 顾昂然 著 | |
| 分册: | ||
| 出版信息: | 北京 法律出版社 1995.10 |
|
| 页数: | 85页 | |
| 开本: | 19cm | |
| 丛书名: | ||
| 单 册: | ||
| 中图分类: | D901 | |
| 科图分类: | ||
| 主题词: | 立法--法的理论 | |
| 电子资源: | ||
| ISBN: | 7-5036-1668-7 | |
| 000 | 00532nam0 2200193 45 | |
| 001 | 9909141514 | |
| 005 | 20050330171656.0 | |
| 010 | @a7-5036-1668-7@dCNY5.00 | |
| 100 | @a19990914d1995 km y0chiy0120 ea | |
| 101 | @achi | |
| 105 | @a z 000yy | |
| 200 | 1 | @a新中国立法概述@AXin Zhong Guo Li Fa Gai Shu@f顾昂然著@FGu Ang Ran Zhu |
| 210 | @a北京@c法律出版社@d1995.10 | |
| 215 | @a85页@d19cm | |
| 606 | 0 | @a立法@x法的理论 |
| 690 | @aD901@v1 | |
| 701 | 0 | @a顾昂然@4著 |
| 801 | @aCN@bPFTUser@c19990914 | |
| 905 | @dD901@e185@f1@b284132 | |
| 新中国立法概述/顾昂然著.-北京:法律出版社,1995.10 |
| 85页;19cm |
| ISBN 7-5036-1668-7:CNY5.00 |
| ● |
| 相关链接 |
|
|
|
|
正题名:新中国立法概述
索取号:D901/185
 
预约/预借
| 序号 | 登录号 | 条形码 | 馆藏地/架位号 | 状态 | 备注 |
| 1 | 0284129 | 002841296 | 第一借阅区/ [索取号:D901/185] | 在馆 | |
| 2 | 0284130 | 002841303 | 第一借阅区/ [索取号:D901/185] | 在馆 | |
| 3 | 0284131 | 002841312 | 第一借阅区/ [索取号:D901/185] | 在馆 | |
| 4 | 0284132 | 002841321 | 第一借阅区/ [索取号:D901/185] | 在馆 | |
| 5 | 0284133 | 002841330 | 第一样本阅览室/ [索取号:D901/185] | 在馆 |